Patrimoine mondial de l'UNESCO (mort subite) - Statistiques

Statistiques générales
  • Ce quiz a été pris 176 fois
  • Le résultat moyen est 5 sur 24
Answers on the Grid
Answers color-coded by a green-red scale on the quiz's grid according to % correct below.
Cathédrale d'Aix-la-Chapelle
Parc olympique de Munich
Tour Eiffel
La Grande Muraille
Porte de Brandebourg
Château de Vaux-le-Vicomte
Statue du Christ Rédempteur
Guizhou Shuanghe Cave
Porta Nigra
Aqueduc des Eaux Libres
Palais et jardins de Schönbrunn
Central Park
Le palais des Princes-Evêques de Liège
Ville minière de Sewell
Cathédrale de Cologne
Alhambra
Empire State Building
Grande Barrière de corail
Pont de Brooklyn
La Grand-Place de Bruxelles
Le centre historique de Tétouan
Vallée de l'Elbe à Dresde
Statue de la Liberté
Cathédrale Notre-Dame de Tournai
Tour de Londres
Château de Neuschwanstein
Colisée
Big Ben
Fontaine de Trevi
Opéra de Sydney
Cathédrale Saint-Denis
Le palais de Justice de Bruxelles
Château de Loarre
Monument à Victor-Emmanuel II
Angkor Vat
Acropole d'Athènes
Musée égyptien du Caire
Cathédrale d'Amiens
Massif du Mont Blanc
Cathédrale de Burgos
 
Statistiques - réponses
Réponse % Correct
La Grande Muraille
72%
Tour Eiffel
66%
Cathédrale d'Aix-la-Chapelle
42%
Colisée
32%
Acropole d'Athènes
30%
Statue du Christ Rédempteur
30%
Cathédrale de Cologne
23%
Big Ben
22%
Cathédrale d'Amiens
20%
Alhambra
19%
Grande Barrière de corail
19%
Opéra de Sydney
18%
Statue de la Liberté
17%
Château de Neuschwanstein
15%
La Grand-Place de Bruxelles
15%
Palais et jardins de Schönbrunn
15%
Angkor Vat
14%
Fontaine de Trevi
14%
Tour de Londres
13%
Cathédrale de Burgos
10%
Cathédrale Notre-Dame de Tournai
7%
Porta Nigra
6%
Château de Loarre
2%
Ville minière de Sewell
1%
Aucun quiz correspondant
Distribution des résultats
% des personnes avec chaque résultat
Percentile par nombre de réponses
Votre historique - résultats
Vous n’avez pas pris ce quiz